000
00274nam a2200121Ia 4500
008
190216s9999||||xx |||||||||||||| ||und||
100
_a
Shukla M.C
245
0
_a
Manual Of Mercantile Law
260
_b
S Chand & Co
_c
1978
300
_a
772p
650
_a
Commerce
942
_c
BK
999
_c
5076
_d
5076